000 00264nam a22001217a 4500
008 181020b xxu||||| |||| 00| 0 eng d
041 _aeng
080 _a941
100 _a17
101 _aHIS
245 _aThe Border South States
_cPeirce, N.R
942 _2udc
_cBK
999 _c50341
_d50341